Riddles of three oceans (Record no. 26150)

MARC details
000 -LEADER
fixed length control field 00275nam a2200109Ia 4500
082 ## - DEWEY DECIMAL CLASSIFICATION NUMBER
Classification number 930.85(26)
Item number KON
100 ## - MAIN ENTRY--AUTHOR NAME
Personal name Kondratov, Alexander
245 #0 - TITLE STATEMENT
Title Riddles of three oceans
260 ## - PUBLICATION, DISTRIBUTION, ETC. (IMPRINT)
Place of publication Moscow
Name of publisher Progress
Year of publication 1974
942 ## - ADDED ENTRY ELEMENTS (KOHA)
Koha item type Books
Holdings
Withdrawn status Lost status Damaged status Not for loan Home library Current library Date acquired Cost, normal purchase price Full call number Accession Number Koha item type
        RRII Library RRII Library 16/12/2021 4.65 930.85(26) KON 06788 Books